| 000 | 00477nam a22001817a 4500 | ||
|---|---|---|---|
| 005 | 20211202113047.0 | ||
| 008 | 211202b xxu||||| |||| 00| 0 spa d | ||
| 041 | _aspa | ||
| 082 | _a793 C198m | ||
| 100 |
_aCampos Salvá, Carlos Alberto _921186 |
||
| 245 | _aMega kids instrumentos musicales | ||
| 260 | _aArgentina | ||
| 260 | _bVisor Enciclopedias Audiovisuales | ||
| 260 | _c2009 | ||
| 300 | _a44 páginas | ||
| 650 |
_aDISEÑO DE INSTRUMENTOS _962001 |
||
| 942 | _cBK | ||
| 999 |
_c13197 _d13197 |
||